[Event "Heusenstamm Sparkassen op 11th"]
[Site "Heusenstamm"]
[Date "2024.11.22"]
[Round "3"]
[White "Schulze, Fabian"]
[Black "Tietzen, Stefan"]
[Result "0-1"]
[WhiteElo "1828"]
[BlackElo "1942"]
[PlyCount "74"]
[EventDate "2024.11.21"]
[EventType "swiss"]
[EventRounds "7"]
[EventCountry "GER"]
[SourceTitle "CB51_2024"]
[SourceDate "2024.12.18"]
[SourceVersion "1"]
[SourceVersionDate "2024.12.18"]
[SourceQuality "1"]

1. d4 Nf6 2. c3 g6 3. Bg5 d5 4. Nd2 Nbd7 5. Bxf6 Nxf6 6. e3 Bg7 7. Bd3 0-0 8. Ne2 e5 9. dxe5 Ng4 10. Ng3 Nxe5 11. Be2 h5 12. Nf3 Re8 13. Qb3 a5 14. Rd1 c6 15. a4 Qe7 16. Nd4 h4 17. Nf1 h3 18. gxh3 Bxh3 19. Rg1 c5 20. Nb5 Be6 21. Qc2 Bf5 22. Qb3 c4 23. Qa3 Bd3 24. Qxe7 Rxe7 25. Nd2 Rd8 26. Nf3 Bxe2 27. Kxe2 Nd3 28. Rd2 Bf6 29. Nbd4 Nc5 30. Rgd1 Ne4 31. Rc2 Kg7 32. Rg1 Bxd4 33. Nxd4 Re5 34. Rcc1 Rh8 35. Rg2 Nc5 36. Ra1 Nd3 37. Rb1 Nf4+ 0-1

[Event "Rhein Main op-A 25th"]
[Site "Bad Homburg"]
[Date "2023.06.10"]
[Round "5"]
[White "Schulze, Fabian"]
[Black "Pleyer, Christian"]
[Result "0-1"]
[WhiteElo "1669"]
[BlackElo "1880"]
[PlyCount "48"]
[EventDate "2023.06.07"]
[EventType "swiss"]
[EventRounds "7"]
[EventCountry "GER"]
[SourceTitle "CBM 215 Extra"]
[Source "ChessBase"]
[SourceDate "2023.09.30"]
[SourceVersion "1"]
[SourceVersionDate "2023.09.30"]
[SourceQuality "1"]

1. d4 d5 2. c3 Nf6 3. Nd2 g6 4. f4 Bg7 5. Ngf3 c5 6. e3 Nc6 7. Bd3 Qc7 8. Ne5 0-0 9. 0-0 Nd7 10. Ndf3 Ncxe5 11. fxe5 f6 12. e4 fxe5 13. exd5 c4 14. Bc2 exd4 15. Nxd4 Rxf1+ 16. Qxf1 Qc5 17. Be3 Bf6 18. Be4 Ne5 19. Nc2 Qd6 20. Bf4 Qb6+ 21. Ne3 g5 22. Kh1 gxf4 23. Qxf4 Nd3 24. Qh6 Nf2+ 0-1